| 000 | 00485nab a2200145 4500 | ||
|---|---|---|---|
| 003 | ES-SlBCS | ||
| 005 | 20210408100622.0 | ||
| 008 | 151221s2014 bl ||||| |||| 00| 0 ita d | ||
| 040 |
_aES-SlBCS _bspa |
||
| 100 | 1 |
_aGrigenti, Fabio _9409676 |
|
| 245 | 1 | 0 |
_aTra storiografia filosofica e approccio speculativo _cFabio Grigenti |
| 650 | 0 | 4 |
_aHistoriografía Filosófica _9183101 |
| 773 | 0 |
_gVol. 37, Nº Especial, 2014, págs. 67-74 _tTrans/form/açao _wRev977 _x0101-3173 |
|
| 942 |
_2lcc _cAR |
||
| 999 |
_c855241 _d855241 |
||